Canto a mí mismo

محفوظ في:
التفاصيل البيبلوغرافية
المؤلف الرئيسي: Whitman, Walt (مؤلف)
التنسيق: كتاب
اللغة:الإسبانية
منشور في: Buenos Aires Losada 1950
سلاسل:Biblioteca contemporánea
الموضوعات:
الوسوم: إضافة وسم
لا توجد وسوم, كن أول من يضع وسما على هذه التسجيلة!

MARC

LEADER 00000nam a2200000 a 4500
001 UCO8853
003 CL-VaPUC
008 010105e19500000AG |||||||||||||||||spa|d
082 0 4 |a 811  |b WHI  |2 21 
100 0 |a Whitman, Walt  |e author  |9 328683 
245 1 0 |a Canto a mí mismo 
300 |a 135 p 
942 |c BK 
945 |d 20010105 00:00:00  |a lriquelm 
260 |a Buenos Aires  |b Losada  |c 1950 
650 7 |a POESIAS ESTADOUNIDENSES  |2 CL-VaPUC  |9 453744 
650 0 |a Literatura estadounidense  |9 317168 
583 |a last modification  |c 20010105 00:00:00  |k Rodrigo Vera 
490 0 |a Biblioteca contemporánea 
999 |c 293280  |d 293278 
952 |0 0  |1 0  |4 0  |6 811_000000000000000_WHI_1950  |7 0  |8 A  |9 344734  |a BIBARQ  |b BIBARQ  |d 2019-11-20  |i 1233149  |o 811 WHI 1950  |p 1233149  |r 2025-01-20  |w 2019-11-20  |y BK  |k ARQ